|
|
|
|
| LEADER |
01723nam a2200409 i 4500 |
| 001 |
EBC6846154 |
| 003 |
MiAaPQ |
| 005 |
20220228094549.0 |
| 006 |
m o d | |
| 007 |
cr cnu|||||||| |
| 008 |
220228s2021 gw o 000 0 eng d |
| 020 |
|
|
|z 9783110696813
|q (print)
|
| 020 |
|
|
|a 9783110696905
|q (electronic bk.)
|
| 035 |
|
|
|a (MiAaPQ)EBC6846154
|
| 035 |
|
|
|a (Au-PeEL)EBL6846154
|
| 035 |
|
|
|a (OCoLC)1292363568
|
| 040 |
|
|
|a MiAaPQ
|b eng
|e rda
|e pn
|c MiAaPQ
|d MiAaPQ
|
| 050 |
|
4 |
|a LA9
|b .C663 2021
|
| 082 |
0 |
|
|a 370.9
|2 23
|
| 100 |
1 |
|
|a Comas Rubi, Francisca,
|e author.
|
| 245 |
1 |
0 |
|a Media matter :
|b images as presenters, mediators, and means of observation /
|c Francisca Comas Rubi, Karin Priem, Sara Gonzalez Gomez.
|
| 264 |
|
1 |
|a Berlin :
|b Walter de Gruyter GmbH,
|c [2021]
|
| 264 |
|
4 |
|c 2021
|
| 300 |
|
|
|a 1 online resource (258 pages)
|
| 336 |
|
|
|a text
|b txt
|2 rdacontent
|
| 337 |
|
|
|a computer
|b c
|2 rdamedia
|
| 338 |
|
|
|a online resource
|b cr
|2 rdacarrier
|
| 588 |
|
|
|a Description based on print version record.
|
| 590 |
|
|
|a Electronic reproduction. Ann Arbor, MI : ProQuest, 2018. Available via World Wide Web. Access may be limited to ProQuest affiliated libraries.
|
| 650 |
|
0 |
|a Education
|x Historiography.
|
| 650 |
|
0 |
|a Photography in historiography.
|
| 655 |
|
4 |
|a Electronic books.
|
| 700 |
1 |
|
|a Priem, Karin,
|e author.
|
| 700 |
1 |
|
|a Gonzalez Gomez, Sara,
|e author.
|
| 776 |
0 |
8 |
|i Print version:
|a Comas Rubi, Francisca.
|t Media matter : images as presenters, mediators, and means of observation.
|d Berlin : Walter de Gruyter GmbH, c2021
|h 258 pages
|z 9783110696813
|
| 797 |
2 |
|
|a ProQuest (Firm)
|
| 856 |
4 |
0 |
|u https://ebookcentral.proquest.com/lib/matrademy/detail.action?docID=6846154
|z Click to View
|